Aktuálne pokroky vo vývoji bunkovej bezdrôtovej komunikácie

Bibliographic Details
Main Authors: Makáň, Florián, 1937- (Author), Kvarda, Peter (Author)
Format: Article
Language:Slovak

MARC

LEADER 00000nab a2200000ua 4500
001 vtls010835672
003 SK-MaSNL
005 20260303135317.0
008 230218s2001 xo |||||||||||||||||slo|
035 |a (urnnbn)urn:nbn:sk:snk:ar-a06qnf 
035 |a urn:nbn:sk:snk-ab5zkt 
035 |a (uuid)3ae9d4b8-37a6-4ba5-a35e-3438e2442281 
040 |a SNKBUCL  |b slo  |c SNKBUCL  |e AACR2 
041 0 |a slo 
044 |a xo  |c SK 
100 1 |a Makáň, Florián,  |d 1937-  |4 aut  |9 212266 
245 1 0 |a Aktuálne pokroky vo vývoji bunkovej bezdrôtovej komunikácie  |c Florian Makáň, Peter Kvarda 
700 1 |a Kvarda, Peter  |4 aut  |9 1156663 
773 0 |t EE : časopis pre elektrotechniku a energetiku  |g Roč. 7, č. 4 (2001), s. 18-20 
954 |a odborná, vedecká literatúra pôvodná (slovenská)  |2 lita 
958 |a OND 
958 |a EUIPO 
958 |a article5 
999 |c 1964813  |d 1966743